000
00264nam a2200109Ia 4500
008
240625s9999 xx 000 0 und d
041
_a
eng
082
_a
658.3124 ATW
100
_a
ATWOOD CHRISTEE GABOUR
245
_a
ULTIMATE BASIC BUSINESS SKILLS
260
_c
2009
999
_c
34796
_d
34796